Constituicao da República Federativa do Brasil: promulgada em 5 de Outubro de 1988

Uloženo v:
Podrobná bibliografie
Médium: Kniha
Jazyk:portugalština
Vydáno: Sao Paulo Saraiva 1989
Vydání:2a. ed
Edice:Legislacao Brasileira
Témata:
Tagy: Přidat tag
Žádné tagy, Buďte první, kdo vytvoří štítek k tomuto záznamu!

MARC

LEADER 00000nam a2200000 a 4500
001 UCO7487
003 CL-VaPUC
008 001117e19890000BL |||||||||||||||||por|d
082 0 4 |a 342.81  |b CON  |2 21 
245 1 0 |a Constituicao da República Federativa do Brasil: promulgada em 5 de Outubro de 1988 
250 |a 2a. ed 
300 |a 168 p 
942 |c BK 
945 |d 20001117 00:00:00  |a lriquelm 
260 |a Sao Paulo  |b Saraiva  |c 1989 
650 0 |a Constituciones  |9 255417 
650 0 |a Derecho constitucional   |9 222588 
650 7 |a GARANTIAS CONSTITUCIONALES  |2 CL-VaPUC  |9 451980 
650 7 |a ORGANIZACION DEL ESTADO  |2 CL-VaPUC  |9 399137 
650 0 |a Poder legislativo  |9 258808 
650 0 |a Poder ejecutivo  |9 255177 
650 0 |a Poder judicial  |9 254871 
650 7 |a ORDEN SOCIAL  |2 CL-VaPUC  |9 384516 
650 7 |a DEFENSA DEL ESTADO  |2 CL-VaPUC  |9 451981 
651 0 |a Brasil  |9 267393 
583 |a last modification  |c 20001117 00:00:00  |k Rodrigo Vera 
490 0 |a Legislacao Brasileira 
999 |c 292401  |d 292399 
952 |0 0  |1 0  |4 0  |6 342_810000000000000_CON_1989  |7 0  |8 A  |9 343300  |a BIBHIS  |b BIBHIS  |d 2019-11-20  |i 1209914  |o 342.81 CON 1989  |p 1209914  |r 2025-01-20  |w 2019-11-20  |y BK  |k HIS 
952 |0 0  |1 0  |4 0  |6 342_810000000000000_CON_1989  |7 0  |8 A  |9 343301  |a BIBDER  |b BIBDER  |d 2019-11-20  |i 4130413  |l 1  |o 342.81 CON 1989  |p 4130413  |r 2023-01-25  |s 2022-05-18  |w 2019-11-20  |y BK  |k DER